000 00250nam a2200097Ia 4500
008 190216s9999||||xx |||||||||||||| ||und||
100 _aChandra J P
245 0 _aComplete Solution Of Co-Ordinate Geometry
260 _bPragathi Prakashan
942 _cBK
999 _c32587
_d32587